All XWP CPV Main Event - Statistics

General Stats
  • This quiz has been taken 55 times
    8 since last reset
  • The average score is 176 of 225
Answer Stats
Hint Answer % Correct
3 Year Anniversary: King Of The Ring | Betrayal S03 | Broken Bonds S03 | +4 others Alieus
100%
One Night Stand S04 | Outlaw S04 | Pick Your Poison S03 | +5 others Angel Alexander
100%
Danger Zone S01 | Danger Zone S02 | Money in the Bank S02 | +5 others Arrow
100%
Take Over: Dublin | Take Over: Houston | Take Over: New Orleans | +2 others Brendan X
100%
Backlash S04 | Betrayal S02 | Betrayal S03 | +13 others Brett Storm
100%
Betrayal S04 | Royal Bash (Winner of Gauntlet) | St. Valentines Day Massacre S03 | Survivor Series S03 Cycloper
100%
Broken Bonds S03 | Money In The Bank S03 | Outlaw S02 | +4 others DoggyDog
100%
Conflict S01 | Danger Zone S01 | Nightmares S01 | +3 others Jacob Cass
100%
3 Year Anniversary: King Of The Ring | Conflict S01 | Destruction S02 | +6 others Mahadi Khan
100%
Bragging Rights S02 | Nightmares S02 | Royal Rumble S03 | +2 others Mario Sanchez
100%
Betrayal S02 | Destruction S01 | Mayhem S02 | +6 others Matteo
100%
Danger Zone S02 | Destruction S01 | Nightmares S02 | +5 others Max Mercury
100%
One Night Stand S04 | Survivor Series S03 | Take Over: Brooklyn | +3 others Mike House
100%
Destruction S01 Morpheus (Brett Storm)
100%
Danger Zone S01 | Danger Zone S03 | Outlaw S01 Silvio
100%
Danger Zone S02 Undertaker
100%
Danger Zone S03 | Money in the Bank S02 | Reckoning S02 Victor X
100%
Take Over: London CM Puma
75%
Danger Zone S01 | Danger Zone S02 | One Night Stand S04 Curtis Stunt
75%
Nightmares S01 Demon Extreme
75%
Take Over: No Escape | Take Over: Philadelphia DJ Hero
75%
Take Over: Brazil | Take Over: Italy | Take Over: No Escape Jacob Steele
75%
Take Over: No Escape Johnny Extreme
75%
Nightmares S03 | Outlaw S03 | Pick Your Poison S03 | WrestleMania 2 Mr Macho
75%
Danger Zone S03 Phenom
75%
Danger Zone S03 Puma
75%
Unbreakable S01 Rocker
75%
Danger Zone S02 | Danger Zone S03 | Nightmares S03 | +5 others Sean Avery
75%
Betrayal S04 | Unforgiven S02 Shadow
75%
Take Over: Armageddon | Take Over: Brazil | Take Over: Dublin | +6 others Shawn Sokolov
75%
Danger Zone S02 | Outlaw S03 | WrestleMania 2 Stunning Bradd
75%
Take Over: Dusty Rhodes Tag Team Classic | Take Over: Holland | Take Over: New York | Take Over: Rumble (Winner of Men's Rumble) Undershock
75%
World's Collide I Vixx
75%
Take Over: Los Angeles (Winner of Rumble) Abigor
50%
Betrayal S04 Adam Alexsander
50%
Take Over: Milwaukee | Take Over: No Escape | Take Over: Philadelphia Adrian Styles
50%
Psychopath S03 Anthony Payne
50%
Take Over: Full Sail Brandon Wolfe
50%
XWP vs WWE Brock Lesnar
50%
Take Over: Orlando Brown Claw
50%
Nightmares S01 Chris Jericho
50%
Danger Zone S01 Creep-E
50%
Take Over: Orlando David Mill
50%
Take Over: San Antonio Deshawn Jackson
50%
Dusty Classic S02 Eli Robledo
50%
Danger Zone S03 Flamer
50%
Psychopath S03 Francaios
50%
Unbreakable S01 Francesco
50%
Summerslam S02 Goldberg
50%
Unbreakable S01 Gore
50%
Psychopath S02 | St. Valentines Day Massacre S03 Jackson Montgomery
50%
Take Over: Japan Jay Samoa
50%
Take Over: Dusty Rhodes Tag Team Classic | Take Over: Full Sail Jesse Rage
50%
Take Over: Brooklyn | Take Over: Chicago | Take Over: Dallas | +2 others Jet Omega Elliot
50%
XWP vs WWE Jinder Mahal
50%
Take Over: Chicago | Take Over: London | Take Over: Toronto Johnny Ken Ellis
50%
Danger Zone S01 Joshie P
50%
Take Over: Paris Kat
50%
Take Over: Full Sail Killer Kai
50%
One Night Stand S04 | Pride S01 | St. Valentines Day Massacre S03 Lula
50%
Take Over: Dusty Rhodes Tag Team Classic | Take Over: Full Sail Mark Gun
50%
Psychopath S03 Roacher
50%
Take Over: Detroit | Take Over: Dublin | Take Over: Full Sail | +5 others Rocky Crippler
50%
Backlash S04 Rogan Rex
50%
Dusty Classic S02 Sean The Saint
50%
One Night Stand S04 | Unbreakable S01 Seth Turner
50%
Take Over: Paris Shannon Ocarina
50%
UK Title Tournament Shaun/Sean The Saint
50%
Live From Japan Shinsuke Nakamura
50%
Take Over: Mexico | Take Over: Orlando Tank
50%
Take Over: Dallas | Take Over: Frankfurt | Take Over: New York | +2 others Tech
50%
Take Over: London 2 Tee Michaels
50%
Take Over: Dusty Rhodes Tag Team Classic TJ X
50%
World's Collide II TKE
50%
Take Over: London 2 | UK Title Tournament Zachary Welch
50%
Destruction S01 Zack Thompson
50%
Dusty Classic S02 Casey Jakobs
25%
Take Over: Orlando Duke Zynda
25%
Unforgiven S02 Duncan Cunner
25%
Dusty Classic S02 James Falcon
25%
No matching quizzes found
Score Distribution
Percent of People with Each Score
Percentile by Number Answered
Your Score History
You have not taken this quiz since the last reset